00800cam a2200229Ma 450000500170000000800410001702000180005802000180007603500210009404000500011504100080016510000230017324500890019626000530028530000380033850400530037665000320042965000210046165000190048265000370050165100320053820150526142352.0150526s2013 xxua frb 001 0 eng d a9781610390330 a9781610390347 a(OCoLC)847680005 aCO-BoUCMcJose A. GerenadJose A. Gerenabspa0 aeng1 aMahbubani, Kishore14aThe great convergencebAsia, the West, and the logic of one worldcKishore Mahbubani aNueva York (Estados Unidos)bPublicAffairsc2013 avii, 315 páginasbilustraciones aIncluye referencias bibliográficas e índices 7aRelaciones internacionales  7aGlobalización  7aGeopolítica  7aRelaciones diplomáticas zAsia 4aAsiaxRelaciones exteriores